000 00436nam a2200157Ia 4500
008 160316s1965 xxu||||| |||| 00| 0 eng d
082 _a306.000000
_bMAI
100 _aMair Lucy
245 _aAn introduction to social anthropology
250 _a
260 _aOxford
_bClarendon Press
_c1965
300 _a283p
_b20 cm
_c
365 _b
650 _a1.Social Anthropology - Social Change 2.Anthropology Race - Relations
700 _a
_a
999 _c3847
_d3847